Clubs de foot n'ayant jamais été reléguées de leur championnat - Statistiques

Statistiques générales
  • Ce quiz a été pris 263 fois
  • Le résultat moyen est 16 sur 25
Statistiques - réponses
Ligue Club % Correct
LaLiga FC Barcelone
100%
LaLiga Real Madrid
100%
Ligue 1 Paris-Saint-Germain
96%
Bundesliga Bayern Munich
95%
Seria A Inter Milan
94%
Eredivisie Ajax Amsterdam
89%
Eredivisie PSV Eindhoven
83%
Liga NOS SL Benfica
82%
Liga NOS FC Porto
81%
Liga NOS Sporting
81%
Scottish Premiership Celtic FC
79%
Eredivisie Feyenoord Rotterdam
75%
Süper Lig Galatasaray SK
67%
LaLiga Athletic Club Bilbao
65%
Superliga Argentina Boca Juniors
64%
Süper Lig Fenerbahçe SK
56%
Süper Lig Beşiktaş JK
53%
Superleague Ellada (Grèce) Olympiakos
44%
Brasileirão Santos FC
41%
Brasileirão CR Flamengo
40%
Superleague Ellada (Grèce) Panathinaïkos
36%
Scottish Premiership Aberdeen FC
29%
Superleague Ellada (Grèce) PAOK Salonique
28%
Brasileirão São Paulo FC
28%
Eredivisie FC Utrecht
15%
Aucun quiz correspondant
Distribution des résultats
% des personnes avec chaque résultat
Percentile par nombre de réponses
Votre historique - résultats
Vous n’avez pas pris ce quiz